Griego I : (Record no. 66285)

MARC details
000 -LEADER
campo de control de longitud fija 00665nmm a2200193Ia 4500
008 - DATOS DE LONGITUD FIJA--INFORMACIÓN GENERAL
campo de control de longitud fija 251105s9999||||xx |||||||||||||||||und||
041 ## - CÓDIGO DE IDIOMA
Código de lengua del texto/banda sonora o título independiente spa
100 ## - ENTRADA PRINCIPAL--NOMBRE DE PERSONA
Nombre de persona González Castro, José Francisco
245 #0 - MENCIÓN DEL TÍTULO
Título Griego I :
Resto del título 1º Bachillerato
264 ## - PRODUCCIÓN, PUBLICACIÓN, DISTRIBUCIÓN, FABRICACIÓN Y COPYRIGHT
Producción, publicación, distribución, fabricación y copyright [Madrid, España] :
Nombre del de productor, editor, distribuidor, fabricante Ministerio de Educación, Cultura y Deporte de España,
Fecha de producción, publicación, distribución, fabricación o copyright 2010
300 ## - DESCRIPCIÓN FÍSICA
Extensión 304 páginas
490 ## - MENCIÓN DE SERIE
Mención de serie Bachillerato a distancia
650 ## - PUNTO DE ACCESO ADICIONAL DE MATERIA--TÉRMINO DE MATERIA
Término de materia o nombre geográfico como elemento de entrada Teen & Young Adult Non Fiction
700 ## - ENTRADA AGREGADA--NOMBRE PERSONAL
Nombre de persona González Castro, José Francisco
700 1# - ENTRADA AGREGADA--NOMBRE PERSONAL
Nombre de persona Pérez Pérez, Francisco Javier
700 1# - ENTRADA AGREGADA--NOMBRE PERSONAL
Nombre de persona Bernabé Pajares, Alberto
856 ## - LOCALIZACIÓN Y ACCESO ELECTRÓNICOS
Identificador Uniforme de Recursos <a href="https://public.digitaliapublishing.com/a/14752">https://public.digitaliapublishing.com/a/14752</a>
942 ## - ELEMENTOS DE ENTRADA SECUNDARIOS (KOHA)
Tipo de ítem Koha Libro Digital

No items available.

Powered by Koha